Регионална библиотека "Любен Каравелов" - Русе

Историята на България в мемоарната литература (Запис номер 61130)

MARC детайли
000 -Лидер
Контролно поле с фиксирана дължина 01963nam a2200397 c 4500
003 - Код на организацията, давaща контролен номер
Контролно поле BLK
005 - Дата и час на последна редакция
Контролно поле 20230405141150.0
008 - Елементи от данни с фиксирана дължина
fixed length control field 180408b bul|||||r ||||||| ||bul||
010 ## - Наследен системен номер
LC control number KNG00065323000
040 ## - Източник на каталожния запис
Идентификатор на билиотеката - собственик на записа BLK
041 ## - Код за език
Код за езика на текст/звукозапис или на отделно заглавие Български
Код за езика КДБФ Български
080 ## - УДК
Текстов определител УДК Специална библиография
УДК код - определител по УДК 016
УДК определител :949.72
УДК - код + определител 016:949.72
080 ## - УДК
Текстов определител УДК История на България
УДК код - определител по УДК 94(497.2)
УДК определител (01)
УДК - код + определител 94(497.2)(01)
080 ## - УДК
Текстов определител УДК Специална библиография
УДК код - определител по УДК 016
УДК определител :886.7
УДК - код + определител 016:886.7
080 ## - УДК
Текстов определител УДК Българска литература
УДК код - определител по УДК 821.163.2
УДК определител (01)
УДК - код + определител 821.163.2(01)
139 ## - Редно поле
Редна дума Историята на България в мемоарната литература
Авторски знак Истор - И 95
245 10 - Сведения за заглавието
Заглавие Историята на България в мемоарната литература
Подзаглавни данни Библиогр. указ. : Ч. 1 -
Редно поле (дума) състав. на том Иванка Апостолова Петрова; състав. на том Иванка Трифонова Вангелова.
Том Ч. 1
257 ## - Страна на издаване
Страна на създаване/издаване България
260 ## - Област на издателските данни
-- София
Име на издателя, разпространителя и проч. Нар. библ. Св. св. Кирил и Методий
Година на издаване 1985 -
300 ## - Физическа характеристика
Размери/Мащаб 23 см
380 ## - Жанр
Жанр Общ отдел
650 #4 - Допълнително описание по предмет – тема
Основно описание – тема или топоним Мемоарна литература, българска
9 (RLIN) 161863
650 #4 - Допълнително описание по предмет – тема
Основно описание – тема или топоним България - история - библиографии
9 (RLIN) 290335
651 #4 - Допълнително описание по предмет - топоним
Географско понятие България
9 (RLIN) 241624
653 ## - Ключова дума – ненормативна
Ключова дума българска история
653 ## - Ключова дума – ненормативна
Ключова дума българска литература
653 ## - Ключова дума – ненормативна
Ключова дума библиографски указатели
700 1# - Други автори (авторска отговорност)
Лично име Петрова, Иванка Апостолова
Автороска отговорност (Описва отношението между автора и произведението) състав. на том
9 (RLIN) 366033
700 1# - Други автори (авторска отговорност)
Лично име Вангелова, Иванка Трифонова
Автороска отговорност (Описва отношението между автора и произведението) състав. на том
9 (RLIN) 290334
760 1# - Описание на основната серия
Място на издаване, издател и година 1985
Страници - том 183 с.
Забележка - том Показалци.
Заглавие Ч. 1
852 ## - Местоположение
Форматна сигнатура Цб 132626
856 4# - Електронен адрес и достъп
Електронен формат pdf - файл
Път до файла /url/
856 4# - Електронен адрес и достъп
Електронен формат pdf - файл
Път до файла /url/
942 ## - АРТИКУЛИ
Вид на библиотечния материал Книги
Скрит в OPAC Не
944 ## - СЪЗДАВАНЕ И РЕДАКЦИЯ на ЗАПИСА
Създаване/Редакция Създаване
Дата на регистрацията/редакция 13.06.2004
Статус, дата на статуса ф /
Служител, извършил регистрацията/редакцията Ренета_Константинова
944 ## - СЪЗДАВАНЕ И РЕДАКЦИЯ на ЗАПИСА
Създаване/Редакция Редакция
Дата на регистрацията/редакция 13.09.2017
Статус, дата на статуса ф /
Служител, извършил регистрацията/редакцията Людмила_Стоянова
999 ## - СИСТЕМНИ КОНТРОЛНИ НОМЕРА
Koha biblionumber 61130
Koha biblioitemnumber 61130
Наличности
Код за отписване Код за изгубен артикул Източник на класификационната схема Код за повреда Коз за рестрикции Код за отдаване Артикулен № Име на библиотеката - собственик Име на библиотеката, в която се намира в момента Статус (Текущо местоположение) Дата на вписване в системата Местоположение - отдел Цена в лева Инвентарен номер Систематично азбучна сигнатура Баркод Номер на екземпляра Цена в евро Служебна бележка Служебен тип на артикула
Изтеглен Не е изгубен Universal Decimal Classification Не е повреден без рестрикции ползва се в читалня 100988 Регионална библиотека "Любен Каравелов" Русе Регионална библиотека "Любен Каравелов" Русе Читалня - справочен фонд 1993-01-01 Читалня - справочен фонд 2.40 446376 СЧ 016/И 95 446376 1 1.23 Дост: DA Вид: А N: стар фонд Дата: 01.01.1985 Дата инв: 31.03.2017 Бележки инв: СЧ2017 Книги
  Не е изгубен Universal Decimal Classification Не е повреден без рестрикции ползва се в читалня 100989 Регионална библиотека "Любен Каравелов" Русе Регионална библиотека "Любен Каравелов" Русе Хранилище 1985-01-01 Хранилище 2.40 423854 Цб 132626 900000009243 2 1.23 Дост: Dp Вид: Д N: стар фонд Дата: 01.01.1985 Книги
Изтеглен Не е изгубен Universal Decimal Classification Не е повреден без рестрикции ползва се в читалня 100990 Регионална библиотека "Любен Каравелов" Русе Регионална библиотека "Любен Каравелов" Русе Заемна - справочен фонд 1985-01-01 Заемна - справочен фонд 2.40 446374 СП 016/И 95 446374 3 1.23 Дост: Pk Вид: А N: стар фонд Дата: 01.01.1985 Дата инв: 19.02.2018 Бележки инв: СП2018 Книги
  Не е изгубен Universal Decimal Classification Не е повреден само за читалня ползва се в читалня 100991 Регионална библиотека "Любен Каравелов" Русе Регионална библиотека "Любен Каравелов" Русе СБИД 2017-07-20 СБИД 16.00 120000813718 С 016:94(497.2)/И 95 120000813718 4 8.18 Дост: DA Вид: А N: 32 Дата: 20.07.2017 Книги
Vip Innovations Ltd, Rousse, Bulgaria 2025